000 00645nam a2200193Ia 4500
008 151121s9999||||xx |||||||||||||| ||und||
082 _a309।154/गोखले
082 _bHNW-30830
100 _aगोखले शरच्चंद्र
245 _aजगावेगळे जग
260 _b"मौज प्रकाशन गृह, मुंबई।"
260 _c--
300 _a150
600 _aगोखले शरच्चंद्र
630 _aजगावेगळे जग
700 _aगोखले शरच्चंद्र
730 _aजगावेगळे जग
942 _cBOOK
999 _c1225118
_d1225115